=LDR 00000nam 2200000 4500 =001 INLIS000000000034721 =005 20130612140622 =008 ***********************************ind** =035 ##$$0010-061300000034721 =041 ##$$a ind =082 ##$$a 510.7 =090 ##$$a 510.7, Agu m =100 ##$$a Agus, Nuniek Avianti =245 ##$$a Mudah belajar matematika, Untuk kelas ix Sekolah Menengah Pertama/Madrasah Tsanawiyah/Nuniek Avianti Agus =260 ##$$a 2008 $b Jakarta =300 ##$$a vii,138 hlm., Ilus., 30 cm =650 ##$$a Matematika - Studi dan Pengajaran =850 ##$$a NBPNMAT